00859nam a22002657a 450000500170000000800410001701000140005802000260007202000260009803500130012403700130013704000080015008200100015810000160016824500600018426000440024427000450028830000290033365000140036270000150037670000170039194200240040899900170043295201440044920100317093257.0100317t xxu||||| |||| 00| 0 eng d aENG-95886 a9788183161558c175.00 a9788183161558c175.00 aEN-79419 bDBAD/PUB aDPL a370.1 aAyodhya, P. aFoundation of education/cby P. Ayodhya and B. N. Dash aNew DelhibNeelkamal Publicationsc2009 aBG5/9B, Paschim ViharbNew Delhie110063 axix, 393p.;c22 cm. (Pb) aEducation aReddy G.S. aPrakasam, V. 2ddccENmAYOh370.1 c34705d34705 00102ddc3Pb40718NFICaDBADbDBADd2010-03-17eDBAD/PUBg175.00l0o370.1 AYOpEN-79419r2010-03-17 00:00:00t1v175.00w2010-03-17yEN